[Event "NED-ch U16 op"]
[Site "Borne"]
[Date "2019.08.05"]
[Round "1"]
[White "Van Borren, Matthijs"]
[Black "De Putter, Nina"]
[Result "0-1"]
[WhiteElo "1339"]
[BlackElo "1631"]
[PlyCount "40"]
[EventDate "2019.08.05"]
[EventType "swiss"]
[EventRounds "9"]
[EventCountry "NED"]
[SourceTitle "EXT 2020"]
[Source "ChessBase"]
[SourceDate "2019.10.17"]
[SourceVersion "1"]
[SourceVersionDate "2019.10.17"]
[SourceQuality "1"]

1. e4 d5 2. d4 Nf6 3. exd5 Nxd5 4. c4 Nb6 5. Nf3 g6 6. Be3 Bg7 7. Qd2 0-0 8. Nc3 Nc6 9. Rd1 Bf5 10. h4 Nb4 11. Rc1 Re8 12. h5 e5 13. hxg6 fxg6 14. d5 e4 15. Nd4 Qf6 16. b3 Rad8 17. Ndb5 c6 18. Bg5 e3 19. Bxf6 exd2+ 20. Kxd2 Bxf6 0-1